1471 1464 1804 1437 1578 1000 1264 1877 1240 1442 1993 1317 1043 1682 1307 1537 1192 1526 1502 1656 1972 1620 1098 1317 1878 1580 1924 1556 1642 1068 1251 1728 1607 1440 1218 1189 1752 1425 1305 1189 1501 1052 1665 1391 1846 1255 1064 1541 1237 1780 1077 1645 1778 1679 1812 1265 1636 1737 1926 1607 1587 1869 1846 1323 1391 1537 1072 1297 1252 1933 1843 1377 1515 1780 1241 1212 1249 1480 1490 1177 1906 1349 1897 1828 1621 1212 1958 1943 1704 1914 1108 1774 1206 1452 1056 1577 1343 1940 1572 BCNSPRNW ULIB Ver.6.0+V

เปลี่ยนเป็นภาษาไทย

Change to English
 แสดงรายละเอียดบรรณานุกรม
  กลับหน้าหลัก

Brief Record : Get Marc (ISO 2709) : E-mail record : QR code < ปิดหน้าต่าง
LEADER : 00000nam 2200000uu 4500
001    13399111962
003     ULIB
008    110712s2544||||th 000 0 tha d
020    9745728608
050 04 GV436.5^bย121ห 2544
245 00 หนังสือผลการวิจัยเรื่องการศึกษาสมรรถภาพทางการกีฬาในเด็กนักเรียนก่อนวัยรุ่น (อายุ11-15 ปี) :^bโครงการวิจัยด้านกีฬาเวชศาสตร์ = Sport medicine study and research /^cยงยุทธ ศิริปการ ... [และคนอื่นๆ]
246 30 การศึกษาสมรรถภาพทางการกีฬาในเด็กนักเรียนก่อนวัยรุ่น(อายุ11-15 ปี) :^bโครงการวิจัยด้านกีฬาเวชศาสตร์
246 31 Sport medicine study and research
260    ปทุมธานี :^bคณะแพทยศาสตร์ มหาวิทยาลัยธรรมศาสตร์,^c2544
300    144 แผ่น :^bภาพประกอบ ;^c29 ซม.
500    คณะผู้วิจัย: ยงยุทธ ศิริปการ, อภิชัย คงเสรีพงษ์, สัญญาณ เนียมปุก, เกสร จงเจริญ, พิมพ์อำไพ เวนเชน, พรระวี เต็งอำนวย
536    ได้รับเงินจัดสรรจากงบประมาณโครงการวิจัยประจำปี 2541
650  2 Physical Fitness^vResearch
650  2 Research
650  2 Sports Medicine^vResearch
650  4 กีฬาเวชศาสตร์^vวิจัย
650  4 สมรรถภาพทางกาย^vวิจัย
650  4 วิจัย
700 0  เกสร จงเจริญ
700 0  พิมพ์อำไพ เวนเชน
700 0  พรระวี เต็งอำนวย
700 0  ยงยุทธ ศิริปการ
700 0  สัญญาณ เนียมปุก
700 0  อภิชัย คงเสรีพงษ์
710 2  มหาวิทยาลัยธรรมศาสตร์. ^bคณะแพทยศาสตร์
945    ^p0^l0^i014244
945    ^p0^l0^i014245
995    ทศพร
999 ^a ใช้งานได้ทุกระบบ
รายการนี้ยังไม่มีแท็ก
คุณยังไม่ได้ล็อกอิน คุณสามารถมีกิจกรรมร่วมกับเว็บไซต์ได้ แต่ต้องล็อกอินก่อน ::
  ล็อกอิน

รายการสื่อสารสนเทศ

ลำดับที่ ประเภท เลขเรียก/บาร์โค้ด สถานที่ สถานะ
- ไม่พบข้อมูล -

รายการใกล้เคียง
    หัวเรื่อง [Research]
    หัวเรื่อง [วิจัย]

BibComment


ยังไม่เคยถูกคอมเมนท์

คอมเมนท์ทรัพยากรรายการนี้
  คอมเมนท์: หนังสือผลการวิจัย..


 Copyright 2026. Bcnsprnw @Library